| 000 | 01164nam a2200361Ia 4500 | ||
|---|---|---|---|
| 001 | dia_5989 | ||
| 003 | CHAP | ||
| 005 | 20240612122330.0 | ||
| 008 | 220117s2013 xx 000 0 und d | ||
| 010 | _a177154 | ||
| 020 | _a978-84-9777-230-3 | ||
| 040 | _cCHAP | ||
| 082 | _a808.8383 F57 C33 2013 | ||
| 100 |
_aFisher, Robert _9127771 |
||
| 245 |
_aEl caballero de la armadura oxidada / _c Robert Fisher ; traducción Verónica d'Ornellas Radziwill |
||
| 250 | _a34a ed. | ||
| 260 |
_aEspaña : _b Obelisco, _c2013 |
||
| 300 | _a108 p. | ||
| 500 | _aTítulo original: The knight in rusty armour | ||
| 503 | _aC. | ||
| 590 | _aPZ7.F5348 C33 2013 | ||
| 650 | 0 |
_aAmerican literature _y20th century _9153260 |
|
| 650 |
_aConduct of life _xFiction _9160352 |
||
| 650 |
_aFiction _9152751 |
||
| 650 | 0 |
_aLiteratura americana _ySiglo XX _9153261 |
|
| 650 |
_aMotivación (Psicología) _979090 |
||
| 650 |
_aNovela psicológica _9160181 |
||
| 700 |
_ad'Ornellas Radziwill, Verónica _9160354 |
||
| 901 | _a808.8383 F57 C33 2013 | ||
| 902 | _aA | ||
| 905 | _a5232272013 sp a 9222223332spa16 | ||
| 942 |
_cLIBRO _2ddc |
||
| 999 |
_c177154 _d177154 |
||